Представление документа в формате MARC21

Поле Инд. ПП Название Значение
Тип записи a
Библиографический уровень a
001 Контрольный номер RU/IS/BASE/262109770
005 Дата корректировки 20240112100128.1
084 a Индекс другой классификации/Индекс ББК 81.005
090 00 a Полочн. индекс 81я43
x Авторский знак П 781
100 10 a Автор Соболева П. А.
245 00 a Заглавие Семантические равенства в порождающей грамматике
650 04 a Основная рубрика филологические науки; языкознание
653 00 a Ключевые слова аппликативная порождающая модель
a Ключевые слова генеративная лингвистика
a Ключевые слова общее
a Ключевые слова порождающая грамматика
a Ключевые слова порождающая модель
a Ключевые слова семантика
a Ключевые слова семантические равенства
a Ключевые слова трансформационное поле
a Ключевые слова трансформации
773 00 d Дата издания источника Москва, 1967
g Прочая информация С. 156-163
t Заглавие источника Проблемы языкознания
w Контрольный № источника RU/IS/BASE/102085341
901 t Тип документа a